000 00321nam a2200133 i 4500
001 bg
100 1 _aMCCARTHY, OLIVER J.
245 0 _aMos device and circuit design /
_cOliver J.McCarthy.
260 _aChichester,
_c1983.
040 _cBPK
041 _apol
942 _cKS
008 s pl f |000 0 pol
999 _c23987
_d23987
856 _uhttp://koha.tu.koszalin.pl/cgi-bin/koha/opac-detail.pl?biblionumber=23987
_yKatalog online BPK